000 00547nam a2200217 a 4500
999 _c4207
_d4207
001 4207
003 BD-JhCC
005 20171123211244.0
008 171123s1938 l |||| ||a| 000 0 eng d
035 _a(BD-JhCC) 4207
040 _aBD-JhCC
_dBD-JhCC
041 _aeng
082 _a823.912
_bBUC 1938
100 _aBuchan, John
245 _aThe Thirty-Nine Steps /
_c John Buchan
260 _aLondon :
_bLongmans,Green and Co Ltd ,
_c1938
300 _a95 p .:
_c18 cm .
650 _aAdventure stories
942 _2ddc
_cBK